[Event "Tabor op"]
[Site "Tabor"]
[Date "2013.08.03"]
[Round "8"]
[White "Dvorak, Adam"]
[Black "Rosenzweig, Vladimir L"]
[Result "1-0"]
[WhiteElo "2056"]
[BlackElo "2100"]
[PlyCount "43"]
[EventDate "2013.07.28"]
[EventType "swiss"]
[EventRounds "9"]
[EventCountry "CZE"]
[SourceTitle "CBM 155 Extra"]
[Source "ChessBase"]
[SourceDate "2013.08.26"]
[SourceVersion "1"]
[SourceVersionDate "2013.08.26"]
[SourceQuality "1"]

1. d4 g6 2. c4 Bg7 3. e4 d6 4. Be3 c5 5. Nc3 cxd4 6. Bxd4 Nf6 7. Nd5 0-0 8. Nxf6+ exf6 9. Bd3 Re8 10. Ne2 b6 11. 0-0 Bb7 12. Ng3 Nc6 13. Bc3 h5 14. Re1 Rc8 15. f4 Bh6 16. Qf3 Rc7 17. Rad1 Bc8 18. h3 Bg7 19. Nf1 f5 20. Bxg7 fxe4 21. Bxe4 Kxg7 22. Bxc6 1-0

[Event "Tabor op"]
[Site "Tabor"]
[Date "2013.08.01"]
[Round "6"]
[White "Miesbauer, Jan"]
[Black "Rosenzweig, Vladimir L"]
[Result "0-1"]
[WhiteElo "1923"]
[BlackElo "2100"]
[PlyCount "58"]
[EventDate "2013.07.28"]
[EventType "swiss"]
[EventRounds "9"]
[EventCountry "CZE"]
[SourceTitle "CBM 155 Extra"]
[Source "ChessBase"]
[SourceDate "2013.08.26"]
[SourceVersion "1"]
[SourceVersionDate "2013.08.26"]
[SourceQuality "1"]

1. e4 c5 2. Nf3 g6 3. d4 cxd4 4. Nxd4 Bg7 5. Nc3 Nc6 6. Be3 Nf6 7. Nb3 0-0 8. Be2 a5 9. a4 Nb4 10. f4 d5 11. e5 Ne8 12. 0-0 f6 13. exf6 Bxf6 14. Bf3 Be6 15. Rf2 Nd6 16. Nd4 Bf7 17. Be2 Rc8 18. Ndb5 Nf5 19. Bd2 d4 20. Ne4 Nxc2 21. Nxf6+ exf6 22. Rc1 Nfe3 23. Bxe3 dxe3 24. Rf1 Bb3 25. Nc3 Nd4 26. Qe1 Nxe2+ 27. Nxe2 Qd2 28. Nc3 Rfe8 29. Qg3 Qxb2 0-1

[Event "Tabor op"]
[Site "Tabor"]
[Date "2013.07.29"]
[Round "2"]
[White "Slajs, Vlastimil"]
[Black "Rosenzweig, Vladimir L"]
[Result "0-1"]
[WhiteElo "1911"]
[BlackElo "2100"]
[PlyCount "54"]
[EventDate "2013.07.28"]
[EventType "swiss"]
[EventRounds "9"]
[EventCountry "CZE"]
[SourceTitle "CBM 155 Extra"]
[Source "ChessBase"]
[SourceDate "2013.08.26"]
[SourceVersion "1"]
[SourceVersionDate "2013.08.26"]
[SourceQuality "1"]

1. d4 g6 2. c4 Bg7 3. Nc3 c5 4. d5 Bxc3+ 5. bxc3 f5 6. e3 Qa5 7. Qc2 Nf6 8. Bd3 e5 9. dxe6 dxe6 10. f4 Bd7 11. a4 Bc6 12. Nf3 Nbd7 13. 0-0 0-0 14. Bb2 Rae8 15. Nd2 e5 16. e4 fxe4 17. Nxe4 exf4 18. Nxf6+ Rxf6 19. Rae1 Rfe6 20. Rxe6 Rxe6 21. Rxf4 Qd8 22. Qf2 Qe7 23. Kf1 Qd6 24. Bc2 g5 25. Rf5 Qxh2 26. Rxg5+ Kh8 27. Qg3 Qh1+ 0-1

[Event "CZE-chT2C 1213"]
[Site "Czech Republic"]
[Date "2013.03.03"]
[Round "10.6"]
[White "Rosenzweig, Vladimir L"]
[Black "Grill, Roman"]
[Result "1/2-1/2"]
[WhiteElo "2083"]
[BlackElo "2190"]
[PlyCount "48"]
[EventDate "2012.10.14"]
[EventType "team-tourn"]
[EventRounds "11"]
[EventCountry "CZE"]
[SourceTitle "EXT 2015"]
[Source "ChessBase"]
[SourceDate "2014.11.20"]
[SourceVersion "1"]
[SourceVersionDate "2014.11.20"]
[SourceQuality "1"]
[WhiteTeam "Tabor"]
[BlackTeam "Pisek"]
[WhiteTeamCountry "CZE"]
[BlackTeamCountry "CZE"]

1. e4 g6 2. d4 c6 3. Nc3 d5 4. h3 Bg7 5. Nf3 Nf6 6. Bd3 dxe4 7. Nxe4 Nxe4 8. Bxe4 Nd7 9. 0-0 0-0 10. c3 e5 11. dxe5 Nxe5 12. Nxe5 Bxe5 13. Bh6 Qxd1 14. Raxd1 Re8 15. f4 Bg7 16. Bxg7 Kxg7 17. Bc2 Be6 18. f5 gxf5 19. Bxf5 Bxa2 20. Rd7 b5 21. Rf4 Red8 22. Rc7 Rd1+ 23. Kh2 Bd5 24. Be4 Bxe4 1/2-1/2

[Event "CZE-chT2C 1213"]
[Site "Czech Republic"]
[Date "2013.01.06"]
[Round "6.6"]
[White "Ambroz, Antonin"]
[Black "Rosenzweig, Vladimir L"]
[Result "1/2-1/2"]
[WhiteElo "2050"]
[BlackElo "2083"]
[PlyCount "61"]
[EventDate "2012.10.14"]
[EventType "team-tourn"]
[EventRounds "11"]
[EventCountry "CZE"]
[SourceTitle "EXT 2015"]
[Source "ChessBase"]
[SourceDate "2014.11.20"]
[SourceVersion "1"]
[SourceVersionDate "2014.11.20"]
[SourceQuality "1"]
[WhiteTeam "Praha Bohemians II"]
[BlackTeam "Tabor"]
[WhiteTeamCountry "CZE"]
[BlackTeamCountry "CZE"]

1. d4 c5 2. d5 Nf6 3. c4 e6 4. Nc3 exd5 5. cxd5 d6 6. g3 g6 7. Bg2 Bg7 8. Nf3 0-0 9. 0-0 a6 10. a4 Nbd7 11. Nd2 Rb8 12. Nc4 Nb6 13. Nxd6 Bg4 14. Nde4 Nfxd5 15. h3 Nxc3 16. Nxc3 Qxd1 17. Rxd1 Be6 18. Bf4 Rbd8 19. Rxd8 Rxd8 20. Bc7 Rd2 21. Bxb6 Rxb2 22. a5 Bxc3 23. Rc1 Bb4 24. Bxb7 Bxa5 25. Bxa5 Rxb7 26. Rxc5 Rb5 27. Rxb5 axb5 28. h4 Kf8 29. e4 Ke7 30. Bb4+ Kd7 31. Kg2 1/2-1/2

[Event "CZE-chT2C 1213"]
[Site "Czech Republic"]
[Date "2012.12.02"]
[Round "4.6"]
[White "Straka, Zdenek"]
[Black "Rosenzweig, Vladimir L"]
[Result "1-0"]
[WhiteElo "1981"]
[BlackElo "2083"]
[PlyCount "87"]
[EventDate "2012.10.14"]
[EventType "team-tourn"]
[EventRounds "11"]
[EventCountry "CZE"]
[SourceTitle "EXT 2015"]
[Source "ChessBase"]
[SourceDate "2014.11.20"]
[SourceVersion "1"]
[SourceVersionDate "2014.11.20"]
[SourceQuality "1"]
[WhiteTeam "Tabor II"]
[BlackTeam "Tabor"]
[WhiteTeamCountry "CZE"]
[BlackTeamCountry "CZE"]

1. d4 g6 2. e4 Bg7 3. Nc3 d6 4. Nf3 Nf6 5. Be2 0-0 6. Bg5 h6 7. Be3 Ng4 8. Bd2 e5 9. d5 c6 10. Bc4 b5 11. Bd3 b4 12. Ne2 cxd5 13. exd5 f5 14. Bc4 Qb6 15. 0-0 e4 16. Ne1 e3 17. fxe3 Nxe3 18. Bxe3 Qxe3+ 19. Kh1 Ba6 20. Bxa6 Nxa6 21. Nd3 Nc5 22. Nef4 Nxd3 23. Nxd3 Qd4 24. Qf3 Rae8 25. Rae1 Re4 26. Nf4 Rfe8 27. Rxe4 fxe4 28. Qh3 Qf6 29. g3 Rf8 30. Kg1 g5 31. Ne6 Qxf1+ 32. Qxf1 Rxf1+ 33. Kxf1 Bxb2 34. Ke2 Bc1 35. Nd4 Kf7 36. Nb3 Bb2 37. Ke3 Kf6 38. Kxe4 h5 39. h3 g4 40. hxg4 hxg4 41. Kf4 Bc3 42. Na5 a6 43. Nc4 Be5+ 44. Kxg4 1-0

[Event "Tabor op"]
[Site "Tabor"]
[Date "2012.08.01"]
[Round "5"]
[White "Rosenzweig, Vladimir L"]
[Black "Marikova, Jana"]
[Result "1/2-1/2"]
[WhiteElo "2101"]
[BlackElo "1899"]
[PlyCount "76"]
[EventDate "2012.07.29"]
[EventType "swiss"]
[EventRounds "9"]
[EventCountry "CZE"]
[SourceTitle "EXT 2013"]
[Source "ChessBase"]
[SourceDate "2012.11.22"]
[SourceVersion "1"]
[SourceVersionDate "2012.11.22"]
[SourceQuality "1"]

1. d4 Nf6 2. Nf3 g6 3. c4 Bg7 4. Nc3 0-0 5. g3 d6 6. Bg2 c5 7. 0-0 Na6 8. h3 Bd7 9. d5 Nc7 10. a4 e6 11. e4 exd5 12. exd5 Re8 13. Re1 Bf5 14. Rxe8+ Qxe8 15. Bf4 Qd7 16. g4 Be4 17. Bh2 Bxf3 18. Qxf3 Qe7 19. Bf4 Nd7 20. Ne4 Ne5 21. Qb3 Ne8 22. Bg5 Qc7 23. Bd2 Nf6 24. Ng3 h6 25. f4 Ned7 26. Bc3 Re8 27. Kf2 b6 28. Re1 Rxe1 29. Kxe1 Qd8 30. Qd1 Qe8+ 31. Qe2 Qxe2+ 32. Kxe2 Ne8 33. Bxg7 Kxg7 34. h4 Ndf6 35. Bf3 a6 36. g5 hxg5 37. hxg5 Ng8 38. Bg4 f5 1/2-1/2

[Event "Tabor op"]
[Site "Tabor"]
[Date "2012.07.30"]
[Round "2"]
[White "Sourek, Martin"]
[Black "Rosenzweig, Vladimir L"]
[Result "0-1"]
[WhiteElo "1808"]
[BlackElo "2101"]
[PlyCount "80"]
[EventDate "2012.07.29"]
[EventType "swiss"]
[EventRounds "9"]
[EventCountry "CZE"]
[SourceTitle "EXT 2013"]
[Source "ChessBase"]
[SourceDate "2012.11.22"]
[SourceVersion "1"]
[SourceVersionDate "2012.11.22"]
[SourceQuality "1"]

1. d4 c5 2. d5 Nf6 3. c4 e6 4. Bg5 exd5 5. cxd5 h6 6. Bh4 d6 7. Nc3 g5 8. Bg3 Nh5 9. Nf3 Bg7 10. e4 Nxg3 11. hxg3 0-0 12. Bd3 Bg4 13. 0-0 Nd7 14. Qc2 a6 15. a4 Rc8 16. Nd2 Bd4 17. Nc4 Ne5 18. Be2 f5 19. Nxe5 dxe5 20. Bxg4 fxg4 21. Nd1 c4 22. Qe2 h5 23. Ne3 c3 24. bxc3 Rxc3 25. Nf5 Rxf5 26. exf5 Qxd5 27. Rac1 Rxg3 28. Qc4 Rxg2+ 29. Kh1 Qxc4 30. Rxc4 Rxf2 31. Rxf2 Bxf2 32. Rc7 b6 33. f6 Kf8 34. Rg7 Be3 35. Re7 Bf4 36. Rb7 b5 37. axb5 axb5 38. Rxb5 Kf7 39. Rb6 h4 40. Kg2 h3+ 0-1

[Event "CZE-chT2A 1112"]
[Site "Czech Republic"]
[Date "2012.04.22"]
[Round "11"]
[White "Rosenzweig, Vladimir L"]
[Black "Kopriva, Petr"]
[Result "1/2-1/2"]
[WhiteElo "2075"]
[BlackElo "2048"]
[PlyCount "22"]
[EventDate "2011.10.09"]
[EventType "team-tourn"]
[EventRounds "11"]
[EventCountry "CZE"]
[SourceTitle "EXT 2013"]
[Source "ChessBase"]
[SourceDate "2012.11.22"]
[SourceVersion "1"]
[SourceVersionDate "2012.11.22"]
[SourceQuality "1"]
[WhiteTeam "Tabor Sokol"]
[BlackTeam "Domazlice"]
[WhiteTeamCountry "CZE"]
[BlackTeamCountry "CZE"]

1. e4 c5 2. Nf3 d6 3. d4 cxd4 4. Qxd4 a6 5. Be3 Nc6 6. Qb6 Qxb6 7. Bxb6 Nf6 8. Nc3 Nd7 9. Nd5 Nxb6 10. Nxb6 Rb8 11. Nxc8 Rxc8 1/2-1/2

[Event "CZE-chT2A 1112"]
[Site "Czech Republic"]
[Date "2012.02.19"]
[Round "8"]
[White "Rosenzweig, Vladimir L"]
[Black "Gdovin, Jan"]
[Result "1-0"]
[WhiteElo "2075"]
[BlackElo "2090"]
[PlyCount "40"]
[EventDate "2011.10.09"]
[EventType "team-tourn"]
[EventRounds "11"]
[EventCountry "CZE"]
[SourceTitle "EXT 2013"]
[Source "ChessBase"]
[SourceDate "2012.11.22"]
[SourceVersion "1"]
[SourceVersionDate "2012.11.22"]
[SourceQuality "1"]
[WhiteTeam "Tabor Sokol"]
[BlackTeam "Pisek"]
[WhiteTeamCountry "CZE"]
[BlackTeamCountry "CZE"]

1. e4 e6 2. d4 d5 3. Nc3 dxe4 4. Nxe4 Nd7 5. g3 Ngf6 6. Nxf6+ Nxf6 7. Bg2 c5 8. Nf3 cxd4 9. Qxd4 Qxd4 10. Nxd4 a6 11. 0-0 Bd6 12. Nb3 Rb8 13. Rd1 Bc7 14. Be3 b6 15. a4 Bb7 16. a5 bxa5 17. Ba7 Ra8 18. Bxb7 Rxa7 19. Bf3 Be5 20. Nxa5 Rd7 1-0

[Event "Tabor op"]
[Site "Tabor"]
[Date "2011.08.01"]
[Round "3"]
[White "Ries, Vilem"]
[Black "Rosenzweig, Vladimir L"]
[Result "0-1"]
[WhiteElo "1927"]
[BlackElo "2088"]
[PlyCount "62"]
[EventDate "2011.07.31"]
[EventType "swiss"]
[EventRounds "9"]
[EventCountry "CZE"]
[SourceTitle "CBM 143 Extra"]
[Source "ChessBase"]
[SourceDate "2011.08.29"]
[SourceVersion "1"]
[SourceVersionDate "2011.08.29"]
[SourceQuality "1"]

1. e4 c5 2. Nf3 d6 3. d4 cxd4 4. Nxd4 Nf6 5. Nc3 g6 6. Be3 Bg7 7. Bc4 a6 8. f3 Nbd7 9. Qd2 b5 10. Bb3 Bb7 11. h4 h5 12. 0-0-0 Ne5 13. Bg5 Rc8 14. g4 hxg4 15. f4 Nc4 16. Qe2 Qc7 17. f5 Nxb2 18. Ncxb5 axb5 19. fxg6 Nc4 20. gxf7+ Kxf7 21. Nxb5 Qc5 22. Rd4 Kf8 23. Rxc4 Qxg5+ 24. hxg5 Rxh1+ 25. Kd2 Rxc4 26. gxf6 Bh6+ 27. Kd3 Rxe4 28. fxe7+ Kxe7 29. Qxe4+ Bxe4+ 30. Kxe4 Re1+ 31. Kf5 g3 0-1

[Event "CZE-chT2A 1011"]
[Site "Czech Republic"]
[Date "2011.02.06"]
[Round "7"]
[White "Drabek, Miloslav"]
[Black "Rosenzweig, Vladimir L"]
[Result "1/2-1/2"]
[WhiteElo "2014"]
[BlackElo "2113"]
[PlyCount "131"]
[EventDate "2010.10.17"]
[EventType "team-tourn"]
[EventRounds "11"]
[EventCountry "CZE"]
[SourceTitle "EXT 2012"]
[Source "ChessBase"]
[SourceDate "2011.11.24"]
[SourceVersion "1"]
[SourceVersionDate "2011.11.24"]
[SourceQuality "1"]
[WhiteTeam "Pisek Platan"]
[BlackTeam "Tabor"]
[WhiteTeamCountry "CZE"]
[BlackTeamCountry "CZE"]

1. d4 c5 2. d5 e6 3. c4 exd5 4. cxd5 d6 5. Nc3 a6 6. a4 Ne7 7. g3 Ng6 8. Nf3 Be7 9. Bg2 Nd7 10. 0-0 Rb8 11. a5 0-0 12. Qc2 Qc7 13. e4 Bf6 14. Be3 b5 15. axb6 Qxb6 16. Ra2 Nde5 17. Rfa1 Ng4 18. Bc1 Bd4 19. Nd1 f5 20. h3 N4e5 21. Nxe5 Nxe5 22. Be3 Kh8 23. Kh2 fxe4 24. Bxe4 Qb5 25. f4 Qf1 26. Qg2 Qxg2+ 27. Kxg2 Nd7 28. Kf3 Rb3 29. Bc2 Rb4 30. Bd2 Rb8 31. Ba4 Ne5+ 32. Ke2 Nc4 33. Bc3 Bxc3 34. bxc3 Bxh3 35. Kd3 Bf1+ 36. Kc2 Nb6 37. Bc6 Bc4 38. Rb2 Nxd5 39. Rxb8 Rxb8 40. Bxd5 Bxd5 41. Rxa6 Be4+ 42. Kd2 d5 43. Rc6 c4 44. Rd6 Kg8 45. Nf2 Bg2 46. Ng4 Re8 47. Ne3 Bf3 48. Rd7 Kf8 49. Rd6 Re7 50. f5 Ke8 51. g4 Rd7 52. Re6+ Kf7 53. Ra6 d4 54. Nxc4 dxc3+ 55. Kxc3 Rc7 56. Ra4 Be2 57. g5 Bg4 58. Ra5 Be2 59. Ra4 h5 60. gxh6 gxh6 61. Kd4 Rxc4+ 62. Rxc4 Bxc4 63. Kxc4 Kf6 64. Kd4 Kxf5 65. Ke3 Kg4 66. Kf2 1/2-1/2

[Event "CZE-chT2A 1011"]
[Site "Czech Republic"]
[Date "2011.01.23"]
[Round "6"]
[White "Rosenzweig, Vladimir L"]
[Black "Straka, Vojtech"]
[Result "0-1"]
[WhiteElo "2113"]
[BlackElo "2058"]
[PlyCount "56"]
[EventDate "2010.10.17"]
[EventType "team-tourn"]
[EventRounds "11"]
[EventCountry "CZE"]
[SourceTitle "EXT 2012"]
[Source "ChessBase"]
[SourceDate "2011.11.24"]
[SourceVersion "1"]
[SourceVersionDate "2011.11.24"]
[SourceQuality "1"]
[WhiteTeam "Tabor"]
[BlackTeam "Praha Oaza"]
[WhiteTeamCountry "CZE"]
[BlackTeamCountry "CZE"]

1. c4 c6 2. e4 d5 3. exd5 cxd5 4. cxd5 Nf6 5. Bb5+ Nbd7 6. Nc3 g6 7. Nge2 Bg7 8. Nf4 0-0 9. Be2 Nb6 10. Qb3 Bf5 11. 0-0 Qd6 12. d4 Rfd8 13. a4 Rac8 14. Nb5 Qb8 15. d6 e6 16. a5 Nbd5 17. a6 Rxc1 18. Rfxc1 Nxf4 19. Bf3 bxa6 20. Rxa6 Bd3 21. Rc5 Nd7 22. Rxa7 Nxc5 23. dxc5 Qxb5 24. Qxb5 Bxb5 25. Rb7 Be8 26. b4 Bd4 27. g3 Nd3 28. c6 Bxc6 0-1

[Event "CZE-chT2A 1011"]
[Site "Czech Republic"]
[Date "2011.01.09"]
[Round "5"]
[White "Rosenzweig, Vladimir L"]
[Black "Lauko, Marian"]
[Result "1/2-1/2"]
[WhiteElo "2113"]
[BlackElo "2002"]
[PlyCount "60"]
[EventDate "2010.10.17"]
[EventType "team-tourn"]
[EventRounds "11"]
[EventCountry "CZE"]
[SourceTitle "EXT 2012"]
[Source "ChessBase"]
[SourceDate "2011.11.24"]
[SourceVersion "1"]
[SourceVersionDate "2011.11.24"]
[SourceQuality "1"]
[WhiteTeam "Tabor"]
[BlackTeam "Cesky Krumlov"]
[WhiteTeamCountry "CZE"]
[BlackTeamCountry "CZE"]

1. c4 c6 2. e4 e6 3. d4 d5 4. Nc3 dxe4 5. Nxe4 Nf6 6. Nxf6+ Qxf6 7. Nf3 Bb4+ 8. Bd2 Bxd2+ 9. Qxd2 Nd7 10. Bd3 0-0 11. 0-0-0 a5 12. Rhe1 a4 13. a3 b6 14. Be4 Bb7 15. Ne5 Nxe5 16. dxe5 Qe7 17. f4 Rfd8 18. Qe3 c5 19. Rd6 Rxd6 20. exd6 Qd7 21. Rd1 Bxe4 22. Qxe4 Rd8 23. g4 f5 24. gxf5 exf5 25. Qe5 Re8 26. Qd5+ Kf8 27. Kb1 Re4 28. Qa8+ Re8 29. Qf3 Re6 30. Qa8+ Re8 1/2-1/2

[Event "CZE-chT2A 1011"]
[Site "Czech Republic"]
[Date "2010.11.21"]
[Round "3"]
[White "Janocko, Petr"]
[Black "Rosenzweig, Vladimir L"]
[Result "0-1"]
[WhiteElo "2087"]
[BlackElo "2113"]
[PlyCount "110"]
[EventDate "2010.10.17"]
[EventType "team-tourn"]
[EventRounds "11"]
[EventCountry "CZE"]
[SourceTitle "EXT 2012"]
[Source "ChessBase"]
[SourceDate "2011.11.24"]
[SourceVersion "1"]
[SourceVersionDate "2011.11.24"]
[SourceQuality "1"]
[WhiteTeam "Plzen Letna"]
[BlackTeam "Tabor"]
[WhiteTeamCountry "CZE"]
[BlackTeamCountry "CZE"]

1. d4 c5 2. d5 e6 3. c4 exd5 4. cxd5 d6 5. Nc3 a6 6. a4 Nf6 7. g3 Be7 8. Bg2 0-0 9. Nf3 Nbd7 10. 0-0 Qc7 11. e4 Rb8 12. a5 b5 13. Re1 b4 14. Nb1 Rb5 15. e5 Nxe5 16. Nxe5 dxe5 17. Bf1 Rb8 18. Qe2 Bd6 19. Rd1 Rb5 20. Bg5 Ne8 21. Nd2 Rxa5 22. Rac1 h6 23. Be3 Bd7 24. Ne4 f5 25. Nxd6 Nxd6 26. Bd2 Qb6 27. Qxe5 Re8 28. Qf4 Ra2 29. Be3 Ne4 30. Ra1 b3 31. Bc4 Kh8 32. Rxa2 bxa2 33. Bxa2 Qxb2 34. Bc4 Nc3 35. Re1 Bb5 36. Bxb5 Qxb5 37. Qxf5 c4 38. Qh5 Nxd5 39. Qg6 Nxe3 40. fxe3 Rf8 41. Qd6 Qf5 42. Qf4 Qc5 43. Qe4 c3 44. Rc1 Rc8 45. Rc2 a5 46. Kf2 Qb4 47. Qd4 Qb3 48. Qe4 a4 49. Qf5 Rc7 50. Qf8+ Kh7 51. Qf5+ Kg8 52. Kg2 a3 53. Rf2 c2 54. Qf8+ Kh7 55. Qf5+ g6 0-1

[Event "CZE-chT2A 0910"]
[Site "Czech Republic"]
[Date "2010.04.18"]
[Round "11.4"]
[White "Rosenzweig, Vladimir L"]
[Black "Palkova, Katerina"]
[Result "1-0"]
[WhiteElo "2151"]
[BlackElo "2010"]
[PlyCount "55"]
[EventDate "2009.10.18"]
[EventType "team-tourn"]
[EventRounds "11"]
[EventCountry "CZE"]
[SourceTitle "EXT 2012"]
[Source "ChessBase"]
[SourceDate "2011.11.24"]
[SourceVersion "1"]
[SourceVersionDate "2011.11.24"]
[SourceQuality "1"]
[WhiteTeam "Tabor"]
[BlackTeam "Klatovy"]
[WhiteTeamCountry "CZE"]
[BlackTeamCountry "CZE"]

1. e4 c5 2. Nf3 Nc6 3. Bb5 e6 4. 0-0 Nge7 5. b3 a6 6. Bxc6 Nxc6 7. Bb2 Be7 8. Bxg7 Rg8 9. Bb2 Bf6 10. e5 Bh8 11. d4 cxd4 12. Re1 Nxe5 13. Nxe5 Qg5 14. g3 Bxe5 15. Nd2 Bh8 16. Ne4 Qg4 17. f3 Qg6 18. Nd6+ Ke7 19. Bxd4 Bxd4+ 20. Qxd4 Qf6 21. Qc5 Kd8 22. Rad1 Qxf3 23. Rd3 Qc6 24. Nxf7+ Ke8 25. Qh5 Qxc2 26. Nh6+ Kd8 27. Qa5+ Ke8 28. Rxe6+ 1-0

[Event "CZE-chT2A 0910"]
[Site "Czech Republic"]
[Date "2010.03.14"]
[Round "9.4"]
[White "Rosenzweig, Vladimir L"]
[Black "Ptacnik, Stanislav"]
[Result "1-0"]
[WhiteElo "2151"]
[BlackElo "2116"]
[PlyCount "99"]
[EventDate "2009.10.18"]
[EventType "team-tourn"]
[EventRounds "11"]
[EventCountry "CZE"]
[SourceTitle "EXT 2012"]
[Source "ChessBase"]
[SourceDate "2011.11.24"]
[SourceVersion "1"]
[SourceVersionDate "2011.11.24"]
[SourceQuality "1"]
[WhiteTeam "Tabor"]
[BlackTeam "Domazlice"]
[WhiteTeamCountry "CZE"]
[BlackTeamCountry "CZE"]

1. c4 Nf6 2. Nc3 e5 3. Nf3 Nc6 4. e3 Bb4 5. Nd5 a5 6. a3 Be7 7. d4 d6 8. Be2 0-0 9. 0-0 Ne4 10. Bd3 f5 11. dxe5 Nxe5 12. Nxe5 dxe5 13. Bxe4 fxe4 14. Bd2 c6 15. Nxe7+ Qxe7 16. Qc2 Bf5 17. Bc3 Qc5 18. b4 axb4 19. axb4 Qxc4 20. Qb2 Rad8 21. Bxe5 Rd7 22. Rfd1 Qe6 23. Rxd7 Qxd7 24. Qd4 Qxd4 25. exd4 Rd8 26. Ra7 Rd7 27. Kf1 Kf7 28. Ke2 Ke6 29. Kd2 Kd5 30. Kc3 Rf7 31. h4 Bg4 32. Bg3 Be2 33. Ra5+ b5 34. Ra8 Rd7 35. Re8 c5 36. Re5+ Kc6 37. bxc5 b4+ 38. Kd2 Bd3 39. Re6+ Kd5 40. Rb6 Kxd4 41. c6 Rd8 42. c7 Rc8 43. Rxb4+ Kc5 44. Rb8 Ba6 45. Ke3 Kd5 46. Rb6 Bd3 47. Rd6+ Kc5 48. Rd8 Ba6 49. Kxe4 Kc6 50. Kf5 1-0

[Event "CZE-chT2A 0910"]
[Site "Czech Republic"]
[Date "2010.01.31"]
[Round "6.4"]
[White "Falout, Lubos"]
[Black "Rosenzweig, Vladimir L"]
[Result "1/2-1/2"]
[WhiteElo "2190"]
[BlackElo "2151"]
[PlyCount "56"]
[EventDate "2009.10.18"]
[EventType "team-tourn"]
[EventRounds "11"]
[EventCountry "CZE"]
[SourceTitle "EXT 2012"]
[Source "ChessBase"]
[SourceDate "2011.11.24"]
[SourceVersion "1"]
[SourceVersionDate "2011.11.24"]
[SourceQuality "1"]
[WhiteTeam "Plzen Letna"]
[BlackTeam "Tabor"]
[WhiteTeamCountry "CZE"]
[BlackTeamCountry "CZE"]

1. e4 c5 2. d4 cxd4 3. c3 d3 4. c4 e6 5. Bxd3 Bc5 6. Nf3 d6 7. 0-0 Nc6 8. a3 a5 9. Nc3 Nge7 10. Qe2 Ng6 11. Rd1 e5 12. h3 0-0 13. Bc2 Be6 14. Nb5 Nh4 15. Be3 Nxf3+ 16. Qxf3 Qe7 17. b3 Rad8 18. a4 Rd7 19. Rd2 b6 20. Rad1 Rfd8 21. Qh5 f6 22. Nc3 Qf7 23. Qh4 g6 24. g4 g5 25. Qg3 h5 26. Kg2 h4 27. Qf3 Kg7 28. Nb5 Qe7 1/2-1/2

[Event "CZE-chT2A 0910"]
[Site "Czech Republic"]
[Date "2010.01.17"]
[Round "5.4"]
[White "Kracik, Dobroslav"]
[Black "Rosenzweig, Vladimir L"]
[Result "1-0"]
[WhiteElo "2123"]
[BlackElo "2151"]
[PlyCount "137"]
[EventDate "2009.10.18"]
[EventType "team-tourn"]
[EventRounds "11"]
[EventCountry "CZE"]
[SourceTitle "EXT 2012"]
[Source "ChessBase"]
[SourceDate "2011.11.24"]
[SourceVersion "1"]
[SourceVersionDate "2011.11.24"]
[SourceQuality "1"]
[WhiteTeam "Line"]
[BlackTeam "Tabor"]
[WhiteTeamCountry "CZE"]
[BlackTeamCountry "CZE"]

1. e4 c5 2. d4 cxd4 3. Nf3 Nc6 4. c3 d3 5. c4 g6 6. Bxd3 Bg7 7. Nc3 Nf6 8. 0-0 0-0 9. h3 d6 10. Be3 Nd7 11. Rc1 Nc5 12. Be2 Qa5 13. Nd4 Ne6 14. Nb3 Qd8 15. f4 b6 16. Bf3 Bb7 17. Qd2 Kh8 18. Nd5 f5 19. exf5 gxf5 20. g4 Nc5 21. Nxc5 bxc5 22. gxf5 Nd4 23. Bxd4 Bxd4+ 24. Kh2 Rxf5 25. Bg4 Rf8 26. Be6 Bc8 27. Rce1 Bxe6 28. Rxe6 Rb8 29. b3 Rb7 30. Qe2 Rf7 31. Qe4 Qd7 32. Re1 Be5 33. Rh6 Bd4 34. Qe6 Qxe6 35. Rhxe6 Bf2 36. R1e4 Bh4 37. f5 Bg5 38. Rg4 Rxf5 39. Kg3 h5 40. Rge4 Rf7 41. h4 Bf6 42. Nxf6 exf6 43. Rxd6 Kg7 44. Kf4 a5 45. Rd5 Rfc7 46. Rxh5 a4 47. bxa4 Ra7 48. Kf5 Rf7 49. Rg4+ Kf8 50. Rh8+ Ke7 51. Rc8 Kd6 52. Re4 Rxa4 53. Re6+ Kd7 54. Rxc5 Rxa2 55. Rd5+ Kc7 56. Kg6 Rf8 57. Kg7 Rc8 58. Rxf6 Rg2+ 59. Rg6 Rg8+ 60. Kxg8 Rxg6+ 61. Kf7 Rg4 62. h5 Rxc4 63. Rg5 Rh4 64. Kg7 Rd4 65. h6 Rd7+ 66. Kg6 Rd6+ 67. Kh5 Rd1 68. h7 Kd6 69. Kh6 1-0

[Event "CZE-chT2A 0809"]
[Site "Czech Republic"]
[Date "2008.11.09"]
[Round "2.5"]
[White "Janousek, Petr"]
[Black "Rosenzweig, Vladimir L"]
[Result "0-1"]
[WhiteElo "2212"]
[BlackElo "2121"]
[PlyCount "116"]
[EventDate "2008.10.12"]
[EventType "tourn"]
[EventRounds "11"]
[EventCountry "CZE"]
[SourceTitle "EXT 2010"]
[Source "ChessBase"]
[SourceDate "2010.11.25"]
[SourceVersion "1"]
[SourceVersionDate "2010.11.25"]
[SourceQuality "1"]
[WhiteTeam "Kozolupy"]
[BlackTeam "Tabor Sokol"]
[WhiteTeamCountry "CZE"]
[BlackTeamCountry "CZE"]

1. e4 d5 2. exd5 Nf6 3. d4 Nxd5 4. Be2 g6 5. c4 Nb6 6. Nc3 Bg7 7. Be3 0-0 8. Qd2 Nc6 9. Rd1 e5 10. d5 Nd4 11. Nf3 Nxf3+ 12. gxf3 Qh4 13. c5 Nd7 14. Qd3 b6 15. Qe4 Qxe4 16. fxe4 Nxc5 17. Bxc5 bxc5 18. Nb5 Rb8 19. b3 Rb7 20. Rc1 a6 21. Na3 Rb4 22. Bc4 Re8 23. Ke2 Bf8 24. Rhd1 Bd6 25. Nc2 Rb8 26. Ne3 f5 27. f3 fxe4 28. fxe4 Rf8 29. Rf1 Bd7 30. Rxf8+ Kxf8 31. a4 a5 32. Kd3 Kg7 33. Rf1 h5 34. Rf2 g5 35. Nf5+ Kg6 36. Ne3 g4 37. Ke2 h4 38. Nf5 h3 39. Ne3 Rf8 40. Nf5 Kg5 41. Bd3 Bxf5 42. exf5 Rf6 43. Be4 Bf8 44. Bd3 Rb6 45. Bb5 Kf6 46. Kd3 Bh6 47. Ke4 Rb8 48. Bc4 Rh8 49. Rf1 Bf4 50. Rg1 g3 51. hxg3 h2 52. Rh1 Bxg3 53. Bd3 Bf2 54. d6 cxd6 55. Kd5 Bg1 56. Be4 Rb8 57. Kxd6 Rxb3 58. Kd5 Rb4 0-1

[Event "Tabor op"]
[Site "Tabor"]
[Date "2008.08.03"]
[Round "9"]
[White "Rosenzweig, Vladimir L"]
[Black "Kozak, Milos"]
[Result "1/2-1/2"]
[WhiteElo "2121"]
[BlackElo "2209"]
[PlyCount "61"]
[EventDate "2008.07.26"]
[EventType "swiss"]
[EventRounds "9"]
[EventCountry "CZE"]
[SourceTitle "CBM 125 Extra"]
[Source "ChessBase"]
[SourceDate "2008.09.01"]
[SourceVersion "1"]
[SourceVersionDate "2008.09.01"]
[SourceQuality "1"]

1. e4 c5 2. Nf3 e6 3. d4 cxd4 4. Nxd4 Nc6 5. Nc3 d6 6. g3 Nf6 7. Bg2 Bd7 8. 0-0 a6 9. b3 Be7 10. Bb2 0-0 11. Re1 Qc7 12. Qd2 Rfe8 13. Rad1 Rad8 14. h3 Nxd4 15. Qxd4 Bc6 16. a4 b5 17. axb5 axb5 18. e5 dxe5 19. Qxe5 Qxe5 20. Rxe5 Bxg2 21. Kxg2 b4 22. Rxd8 Rxd8 23. Na4 Nd5 24. Re4 Rc8 25. Rc4 Ra8 26. Rc6 h5 27. c4 bxc3 28. Nxc3 Nb4 29. Rc7 Bf8 30. Ne4 Nd5 31. Rb7 1/2-1/2